Statistics for New Year 2024 #1: A tribute to 2023

Click here to take the quiz!

General Stats

  • This quiz has been taken 69 times
  • The average score is 10 of 16

Answer Stats

HintAnswer% Correct
What number does "twin" represent?2
98%
How many dodo birds still exist on Earth?0
96%
How many symmetrical portions can a heart be cut into?2
93%
How many pigs were in the classical story of the ______ little pigs?3
89%
How many buttons are on the bottom of a computer touchpad?2
72%
What number is shaped like an egg?0
67%
How many helpers does the Cat in the Hat have?2
65%
Meaning of "tres" in english3
61%
How many volcanoes does Barbados have?0
59%
What number does "duo" represent?2
59%
How many oceans is Egypt connected to?2
54%
What number does "trio" represent?3
46%
I think you get the point.0
43%
Do you even need a clue for this answer?2
43%
BONUS CLUE: What is the thousands digit of this year?2
43%
If you need a clue for this one, we can't provide one.3
39%

Score Distribution

Percentile by Number Answered

Percent of People with Each Score

Your Score History

You have not taken this quiz